banner-ar

مسرح الطفل: دراسة فى مسرح السيد حافظ / (Record no. 41411)

MARC details
000 -الفاتح
حقل البيانات ثابتة الطول 00626nam a2200205Ia 4500
005 - وقت وتاريخ اخر تعامل مع التسجيلة
رقم الضبط 20240530103641.0
008 - عناصر البيانات ثابتة الطول - معلومات عامة
حقل البيانات ثابتة الطول 140319s9999 xx 000 0 ara d
040 ## - مصدر الفهرسة
وكالة الفهرسة الأصلية GCL /
وكالة النسخ GCL
082 04 - رقم تصنيف ديوى العشرى
رقم التصنيف 792.0226
رقم المادة س م
100 1# - المدخل الرئيسى - إسم شخصى
الإسم الشخصى السيد حافظ
245 10 - بيان العنوان
العنوان مسرح الطفل: دراسة فى مسرح السيد حافظ /
بيان المسئوليه,etc السيد حافظ
300 ## - الوصف المادى
التعداد 103 ص
650 04 - المدخل الاضافى بالموضوع-مصطلح موضوعى
مصطلح موضوعي الاطفال
650 04 - المدخل الاضافى بالموضوع-مصطلح موضوعى
مصطلح موضوعي حفلات الاطفال
700 1# - المدخل الاضافى - اسم شخصى
الإسم الشخصى حمدى الجابرى
700 1# - المدخل الاضافى - اسم شخصى
الإسم الشخصى سامى الباجورى
942 ## - عناصر المدخل الإضافي( كوها)
مصدر التصنيف او مخطط الترفيف Dewey Decimal Classification
Koha [default] item type كتاب
260 ## - PUBLICATION, DISTRIBUTION, ETC. (IMPRINT)
-- [S.N] :
-- دار المطبوعات الجديدة
Holdings
حالة التراجع حالة الفقد حالة تلف ليس للاعارة المكان المؤقت الموقع الحالى تاريخ الاكتساب اجمالي اﻻعارات رقم الطلب الباركود تاريخ اخر مشاهدة تاريخ تفعيل السعر نوع وعاء كوها
        مكتبة القاهرة الكبرى مكتبة القاهرة الكبرى 03/26/2014   792.0226\س م 99975 03/26/2014 03/26/2014 كتاب

Powered By

EGPV